| 000 | 00404nam a2200169Ia 4500 | ||
|---|---|---|---|
| 008 | 230524s9999 xx 000 0 und d | ||
| 020 | _a9780199455508 | ||
| 082 |
_a5.133 _bRoy |
||
| 100 | _aUttam K. Roy | ||
| 245 | 0 | _aAdvanced Java Programming | |
| 250 | _a1 | ||
| 260 |
_aNew Delhi _bOxford _c2015 |
||
| 300 | _a"XXIII,854p;" | ||
| 500 | _aQuantity Number: 80 | ||
| 650 | _aComp.Sc | ||
| 942 | _cBK | ||
| 999 |
_c58866 _d58866 |
||